Napoléon Bonaparte - Statistiques

Statistiques générales
  • Ce quiz a été pris 2 043 fois
  • Le résultat moyen est 13 sur 17
Statistiques - réponses
Hint Réponse % Correct
Date de naissance : 15 Août 1769
97%
Lieu de naissance : Ajaccio
84%
Il est définitivement battu à cette Bataille contre une coalition Anglo-prussienne. Waterloo
84%
Emblème de Napoléon au début de son règne. L'Abeille
83%
Haute distinction,souvent militaire,créé en 1802. Légion d'Honneur
83%
Plus grande victoire napoléonienne : Austerlitz
82%
Nationalité : Corse
82%
Frère aîné de Napoléon qui deviendra Roi d'Espagne de 1808 à 1813. Joseph Bonaparte
80%
Pape qui assista à l'auto-proclamation de Napoléon comme Empereur des Francais. Pie VII
80%
Première Épouse : Joséphine de Beauharnais
78%
Un de ses plus grands Maréchaux d'Empire,fusillé en 1815. Michel Ney
75%
Une des plus célèbres maîtresses de Napoléon,d'origine polonaise. Marie Walewska
72%
Père : Charles Bonaparte
68%
Seconde Épouse : Marie-Louise d'Autriche
67%
Titre porté par son seul fils,Napoléon II. Roi de Rome
62%
Mère : Laetitzia Ramolino
57%
Institution crée en 1800. La Banque de France
54%
Aucun quiz correspondant
Distribution des résultats
% des personnes avec chaque résultat
Percentile par nombre de réponses
Votre historique - résultats
Vous n’avez pas pris ce quiz